Efecto de las casas de cambio /

Estudio que analiza el funcionamiento de las casa de cambio en general con el fin de señalar algunos de sus efectos en la economía nacional y fronteriza con la finalidad de ofrecer conclusiones y recomendaciones.

שמור ב:
מידע ביבליוגרפי
מחבר ראשי: Robles Ferrer, José Javier (autor)
פורמט: ספר
שפה:ספרדית
יצא לאור: Tijuana, México Centro de Estudios Fronterizos del Norte de México, 1985, c1985
סדרה:(Cuadernos CEFNOMEX)
נושאים:
תגים: הוספת תג
אין תגיות, היה/י הראשונ/ה לתייג את הרשומה!

MARC

LEADER 00000nam^a2200000^a^4500
001 000188379
005 20250521000000.0
009 20260310102334.894
020 |a 968-6075-08-9 
037 |a Acervo ITESO - Biblioteca 
041 |a ESP 
082 |a 332. 45  |b ROB 
100 |a Robles Ferrer, José Javier  |e (autor) 
245 1 0 |a Efecto de las casas de cambio /  |c J.J. Robles Ferrer. 
264 4 |a Tijuana, México  |b Centro de Estudios Fronterizos del Norte de México,  |c 1985, c1985 
300 |a 26 p. 
336 |a texto  |b txt  |2 rdacontenido 
337 |a sin mediación  |b n  |2 rdamedio 
338 |a volumen  |b nc  |2 rdasoporte 
440 1 |a (Cuadernos CEFNOMEX) 
520 |a Estudio que analiza el funcionamiento de las casa de cambio en general con el fin de señalar algunos de sus efectos en la economía nacional y fronteriza con la finalidad de ofrecer conclusiones y recomendaciones. 
649 |a XX 
650 |a Convertibilidad Monetaria 
650 |a Mercado Cambiario -  |z México 
650 |a Bancos y Operaciones Bancarias -  |z México 
650 |a Divisas 
650 |a Dinero 
650 |a Finanzas 
650 |a Economía -  |z México 
910 |a Fondo General 
920 |a Impresos - Libros 
930 |a Colección General 
905 |a 101 
901 |a 0500131188  |b IT1  |c ACC  |u 20250521 
902 |a https://opac.biblio.iteso.mx/vufind/Record/000188379